| 000 | 00737nam a2200229 i 4500 | ||
|---|---|---|---|
| 005 | 20200104041527.0 | ||
| 008 | 140304s2000 ck ||||| |||| 00| 0 spa d | ||
| 040 |
_aCO-BoIAVH _cCO-BoIAVH |
||
| 041 | _aspa | ||
| 044 | _ack | ||
| 082 | 0 | 4 |
_a333.75 _bR89m |
| 100 | 1 | _aRubio Torgler, Heidi | |
| 245 | 1 | 0 |
_aManejo de la fauna de caza, una construcción a partir de lo local : _bmétodos y herramientas / _cHeidi Rubio Torgle. |
| 260 |
_aBogotá: _bOREWA, _c2000. |
||
| 300 | _a160 páginas | ||
| 650 | 1 | 4 | _aCaza |
| 650 | 2 | 4 | _aConservación de la vida silvestre |
| 650 | 2 | 4 | _aFauna |
| 700 | 1 |
_aUlloa Cubillos, Astrid, _eautora. |
|
| 700 | 1 |
_aCampos Rozo, Claudia, _eautora. |
|
| 942 |
_cLIBRO _2ddc |
||
| 999 |
_c2079 _d2079 |
||